Histoire du droit des gens et des relations internationales : (Record no. 157283)

MARC details
000 -LEADER
campo de control de longitud fija 00771nam a22001935i 4500
001 - NÚMERO DE CONTROL
campo de control 157283
003 - IDENTIFICADOR DE NÚMERO DE CONTROL
campo de control ES-MaACL
005 - FECHA Y HORA DE LA ÚLTIMA TRANSACCIÓN
campo de control 20250809063528.0
008 - DATOS DE LONGITUD FIJA--INFORMACIÓN GENERAL
campo de control de longitud fija 991004s1862 fr |||| | fre d
100 1# - ENTRADA PRINCIPAL--NOMBRE DE PERSONA
Nombre de persona Laurent, François,
Fechas asociadas al nombre 1810-1887
9 (RLIN) 128741
245 10 - MENCIÓN DEL TÍTULO
Título Histoire du droit des gens et des relations internationales :
Resto del título études sur l'histoire de l'humanité.
Número de parte o sección de la obra III,
Nombre de parte o sección de la obra Rome /
Mención de responsabilidad, etc. par F. Laurent.
250 ## - MENCION DE EDICION
Mención de edición 2e éd. corr.
260 ## - PUBLICACIÓN, DISTRIBUCIÓN, ETC.
Lugar de publicación, distribución, etc. Bruxelles ;
-- Leipzig :
Nombre del editor, distribuidor, etc. A. Lacroix, Verboeckhoven et Cie.,
Fecha de publicación, distribución, etc. 1862 (
Lugar de fabricación/manufactura Gand :
Fabricante Imp. de F.L. Dullé-Plus)
300 ## - DESCRIPCIÓN FÍSICA
Extensión 516 p. ;
Dimensiones 22 cm.
650 #7 - PUNTO DE ACCESO ADICIONAL DE MATERIA--TÉRMINO DE MATERIA
Término de materia o nombre geográfico como elemento de entrada Derecho internacional público-
Subdivisión de forma Historia
Fuente del encabezamiento o término
9 (RLIN) 163248
651 #4 - PUNTO DE ACCESO ADICIONAL DE MATERIA--NOMBRE GEOGRÁFICO
Nombre geográfico Roma-
Subdivisión general Historia.
9 (RLIN) 9312
852 ## - LOCALIZACIÓN
Ubicación ES-MaACL
Número de control de estantería D-4568
Nota libre - Enc. hol.
Holdings
Estatus retirado Estado de pérdida Estado de daño No para préstamo Colección Biblioteca de origen Biblioteca actual Ubicación en estantería Fecha de adquisición Fuente de adquisición Total de préstamos Signatura topográfica completa Código de barras Visto por última vez Precio de reemplazo Tipo de ítem Koha
        Libros del s. XIX Biblioteca del Ateneo de Madrid Biblioteca del Ateneo de Madrid Sala Valle Inclán 17/01/2008     D-4568 901164596 23/02/2023 23/02/2023 Libro impreso antiguo